Dynamic sustainabilities (Registro nro. 306874)

Detalles MARC
000 -ENCABEZADO
Número de control [NR] 01772cam a2200397 a 4500
001 - NÚMERO DE CONTROL
control field 16065591
005 - FECHA Y HORA DE LA ÚLTIMA TRANSACCIÓN
control field 20170718081537.0
008 - DE LONGITUD FIJA DE DATOS DE ELEMENTOS - INFORMACIÓN GENERAL
Elementos de longitud fija [NR] 170718s2010 enka b 001 0 eng d
010 ## - NUMERO DE CONTROL DE LA BIBLIOTECA DEL CONGRESO (LC) [NR]
Número de control LC [NR] 2010000818
015 ## - NUMERO DE BIBLIOGRAFIA NACIONAL [R]
Número de bibliografía nacional [R] GBB001135
Fuente [NR] bnb
016 7# - NUMERO DE CONTROL DE AGENCIA BIBLIOGRAFICA NACIONAL [R]
Número de control [NR] 015453750
Fuente [NR] Uk
020 ## - NUMERO INTERNACIONAL NORMALIZADO PARA LIBROS [R]
Número Internacional Normalizado del libro [NR] 9781849710923
020 ## - NUMERO INTERNACIONAL NORMALIZADO PARA LIBROS [R]
ISBN Cancelado/ Invalidado [R] 1849710929
020 ## - NUMERO INTERNACIONAL NORMALIZADO PARA LIBROS [R]
Número Internacional Normalizado del libro [NR] 9781849710930
020 ## - NUMERO INTERNACIONAL NORMALIZADO PARA LIBROS [R]
ISBN Cancelado/ Invalidado [R] 1849710937
035 ## - NUMERO DE CONTROL DEL SISTEMA [R]
Número de control del sistema [NR] (OCoLC)ocn495597636
040 ## - FUENTE DE CATALOGACION [NR]
Agencia de catalogación original [NR] CO-BoUCM
Quien Cataloga Saul Niño
Quien Clasifica Saul Niño
041 0# - CODIGO DE IDIOMA [R]
Código de idioma para texto/pista de sonido o título separado [R] Inglés
100 1# - ASIENTO PRINCIPAL--NOMBRE PERSONAL [NR]
Nombre personal [NR] Leach, Melissa
ID Autoridad 86573
245 10 - MENCION DE TITULO [NR]
Título [NR] Dynamic sustainabilities
Parte restante del título [NR] technology, environment, social justice
Mención de responsabilidad, etc. [NR] Melissa Leach, Ian Scoones and Andy Stirling
260 ## - PUBLICACION, DISTRIBUCION, ETC. (PIE DE IMPRENTA) [R]
Lugar de publicación, distribución, etc. [R] London
-- Washington, DC
Nombre del editor, distribuidor, etc. [R] Earthscan
Fecha de publicación, distribución, etc. [R] 2010
300 ## - DESCRIPCION FISICA [R]
Extensión [R] xiv, 212 páginas
Otros detalles físicos [NR] gráficas
490 0# - MENCION DE SERIE [R]
Mención de serie [R] Pathways to sustainability
505 0# - NOTA DE CONTENIDO CON FORMATO PREESTABLECIDO [R]
Nota de contenido con formato preestablecido [NR] Sustainability challenges in a dynamic world -- Dynamic systems: environment and development challenges -- Pathways to sustainability: responding to dynamic contexts -- Governance in a dynamic world -- Opening up, broadening out: empowering designs for sustainability -- An alternative politics for sustainability -- Towards pathways to sustainability.
520 8# - NOTA DE RESUMEN, ETC. [R]
Nota de sumario, etc. [NR] Introducing a new pathways approach for understanding and responding to sustainability challenges, this title explores practical ways forward for building pathways to sustainability.
546 ## - NOTA DE IDIOMA [R]
Nota de idioma [NR] Texto en inglés
650 #7 - ASIENTO SECUNDARIO DE MATERIA - TERMINO TEMATICO [R]
Término temático o nombre geográfico como elemento de entrada [NR] Desarrollo sostenible
9 (RLIN) 12992
650 #7 - ASIENTO SECUNDARIO DE MATERIA - TERMINO TEMATICO [R]
Término temático o nombre geográfico como elemento de entrada [NR] Desarrollo económico
Subdivisión general [R] Aspectos ambientales
9 (RLIN) 47191
650 #7 - ASIENTO SECUNDARIO DE MATERIA - TERMINO TEMATICO [R]
Término temático o nombre geográfico como elemento de entrada [NR] Pobreza
9 (RLIN) 21746
650 #7 - ASIENTO SECUNDARIO DE MATERIA - TERMINO TEMATICO [R]
Término temático o nombre geográfico como elemento de entrada [NR] Justicia social
9 (RLIN) 18207
650 #7 - ASIENTO SECUNDARIO DE MATERIA - TERMINO TEMATICO [R]
Término temático o nombre geográfico como elemento de entrada [NR] Economía
9 (RLIN) 174
700 1# - ASIENTO SECUNDARIO - NOMBRE PERSONAL [R]
Nombre personal [NR] Scoones, Ian
9 (RLIN) 86574
700 1# - ASIENTO SECUNDARIO - NOMBRE PERSONAL [R]
Nombre personal [NR] Stirling, Andy
9 (RLIN) 86575
942 ## - ELEMENTOS DE ENTRADA AGREGADOS (KOHA)
Sistema de clasificación DEWEY
Tema principal Economía
Tipo de ítem principal el descrito en 300a Libro
Edición 1
Clasificación 338.927
Parte restante de la signatura top. L434d
Existencias
Fecha de último préstamo Total préstamos Signatura topográfica Código de barras Última vez visto Ejemplar Costo de reposición Price effective from Tipo de ítem Perdido Dañado No prestable Tipo de ítem específico Suprimido Ubicación habitual Ubicación actual Localización Fecha de creación Proveedor Forma de adquisición Costo
05/08/2017 1 338.927 L434d 100153396 04/12/2025 Ej.1 123829.00 06/07/2017 Libro       Libro   Claustro Claustro Mezanine 06/07/2017 15 Compra 123829.00